[Event "Montigny le Bretonneux op 25th"]
[Site "Montigny le Bretonneux"]
[Date "2023.05.18"]
[Round "2"]
[White "Robic, Raphael"]
[Black "Foare, Etienne"]
[Result "0-1"]
[WhiteElo "1099"]
[BlackElo "1318"]
[PlyCount "116"]
[EventDate "2023.05.18"]
[EventType "swiss"]
[EventRounds "9"]
[EventCountry "FRA"]
[SourceTitle "CBM 214 Extra"]
[Source "ChessBase"]
[SourceDate "2023.07.31"]
[SourceVersion "1"]
[SourceVersionDate "2023.07.31"]
[SourceQuality "1"]

1. e4 c6 2. Nc3 d5 3. d3 dxe4 4. dxe4 Qxd1+ 5. Nxd1 e5 6. Nf3 Bd6 7. Bd3 Bg4 8. h3 Bxf3 9. gxf3 Nd7 10. Nc3 0-0-0 11. Be3 Ne7 12. Bxa7 b6 13. Ba6+ Kc7 14. 0-0-0 Ra8 15. Bxb6+ Nxb6 16. Bd3 Bb4 17. Rhg1 g6 18. a3 Bxc3 19. bxc3 Rxa3 20. c4 Ra1+ 21. Kd2 Rxd1+ 22. Kxd1 Ra8 23. Ke2 Ra4 24. c5 Nd7 25. c4 Nxc5 26. h4 Nxd3 27. Kxd3 Ra3+ 28. Kc2 Rxf3 29. h5 c5 30. hxg6 Rxf2+ 31. Kd3 Nxg6 32. Rh1 Nf4+ 33. Ke3 Re2+ 34. Kf3 Rc2 35. Rxh7 Rxc4 36. Rxf7+ Kb6 37. Rf5 Nd3 38. Ke3 Rd4 39. Rf6+ Kb5 40. Rf1 c4 41. Rd1 c3 42. Rxd3 Rxd3+ 43. Kxd3 Kb4 44. Kc2 Kc4 45. Kc1 Kd3 46. Kb1 Kxe4 47. Kc2 Kd4 48. Kb3 Kd3 49. Ka2 c2 50. Kb2 Kd2 51. Kb3 c1Q 52. Kb4 Qc6 53. Kb3 Qc3+ 54. Ka4 Qb2 55. Ka5 Qb7 56. Ka4 Qb6 57. Ka3 Kc3 58. Ka4 Qb4# 0-1